| 000 | 03640cam a2200493 a 4500 | ||
|---|---|---|---|
| 001 | 14514451 | ||
| 003 | OSt | ||
| 005 | 20180116192421.0 | ||
| 008 | 060823s2007 enkab b 001 0 eng | ||
| 010 | _a 2006028117 | ||
| 015 |
_aGBA683593 _2bnb |
||
| 016 | 7 |
_a013567368 _2Uk |
|
| 020 | _a0415399084 (hbk : alk. paper) | ||
| 020 | _a9780415399081 (hbk : alk. paper) | ||
| 020 | _a0415399092 (pbk : alk. paper) | ||
| 020 | _a9780415399098 (pbk : alk. paper) | ||
| 020 | _a0203964268 (ebk.) | ||
| 020 | _a9780203964262 (ebk.) | ||
| 035 | _a(OCoLC)ocm71173820 | ||
| 040 |
_aDLC _beng _cDLC _dBAKER _dBWKUK _dYDXCP _dUKM _dIXA _dBTCTA _dNLGGC _dBWK _dYHM _dI8H _dSNU _dOCLCQ _dDLC |
||
| 043 |
_aa-ii--- _aa-ce--- |
||
| 050 | 0 | 0 |
_aNA1501 _b.C55 2007 |
| 082 | 0 | 0 |
_a720.941 _222 |
| 084 |
_a21.62 _2bcl |
||
| 245 | 0 | 0 |
_aColonial modernities : _bbuilding, dwelling and architecture in British India and Ceylon / _cedited by Peter Scriver and Vikramaditya Prakash. |
| 260 |
_aLondon ; _aNew York : _bRoutledge, _c2007. |
||
| 300 |
_aix, 287 p. : _bill., maps ; _c26 cm. |
||
| 490 | 1 | _aThe architext series | |
| 504 | _aIncludes bibliographical references (p. 241-278) and index. | ||
| 505 | 0 | 0 |
_tBetween materiality and representation : framing an architecural critique of colonial South Asia / _rPeter Scriver and Vikramaditya Prakash -- _tStones and texts : the architectural historiography of colonial India and its colonial-modern contexts / _rPeter Scriver -- _tThe stone books of orientalism / _rStephen Cairns -- _tEmpire-building and thinking in the Public Works Department of British India / _rPeter Scriver -- _t"Strangers within the gate" : public works and industrial art reform / _rArindam Dutta -- _tBetween copying and creation : the Jeypore portfolio of architectural details / _rVrkamaditya Prakash -- _tInstitutional audiences and architectural style : the Napier Museum / _rPaul Walker -- _tA tomb of one's own : the governor's house, Lahore / _rSylvia Shorto -- _tThe other face of primitive accumulation : the garden house in British colonial Bengal / _rSwati Chattopadhyay -- _tThe trouser under the cloth : personal space in colonial-modern Ceylon / _rAnoma Pieris -- _tNegotiated modernities : symbolic terrains of housing in Delhi / _rJyoti Hosagrahar. |
| 520 | _aA carefully crafted selection of essays from international experts, this book explores the effect of colonial architecture and space on the societies involved - both the colonizer and the colonized. Focusing on British India and Ceylon, the essays explore the discursive tensions between the various different scales and dimensions of such 'empire-building' practices and constructions. Providing a thorough exploration of these tensions, Colonial Modernities challenges the traditional literature on the architecture and infrastructure of the former European empires, not least that of the British Indian 'Raj'. | ||
| 650 | 0 |
_aArchitecture, British colonial _zIndia. _97327 |
|
| 650 | 0 |
_aArchitecture and society _zIndia. _97328 |
|
| 650 | 0 |
_aArchitecture, British colonial _zSri Lanka. _97329 |
|
| 650 | 0 |
_aArchitecture and society _zSri Lanka. _97330 |
|
| 700 | 1 |
_aScriver, Peter. _97331 |
|
| 700 | 1 |
_aPrakash, Vikramaditya. _97332 |
|
| 776 | 0 | 8 |
_iOnline version: _tColonial modernities. _dLondon ; New York : Routledge, 2007 _w(OCoLC)619749801 |
| 830 | 0 |
_aThe architext series. _97333 |
|
| 856 | 4 | 1 |
_3Table of contents only _uhttp://catdir.loc.gov/catdir/toc/ecip0619/2006028117.html |
| 906 |
_a7 _bcbc _corignew _d1 _eecip _f20 _gy-gencatlg |
||
| 942 |
_2ddc _cBK |
||
| 999 |
_c353897 _d353897 |
||